| 000 | 01030nam a2200277Ia 4500 | ||
|---|---|---|---|
| 003 | OSt | ||
| 005 | 20221005105440.0 | ||
| 006 | a|||||r|||| 00| 0 | ||
| 007 | ta | ||
| 008 | 221004b |||||||| |||| 00| 0 hin d | ||
| 020 |
_a9788185990903 (pbk) _c45 |
||
| 024 | _a25043 | ||
| 037 |
_b1092, 23/02/2016, Bright Book Service _cTextual |
||
| 040 |
_aCRL _cCRL _bhin |
||
| 041 |
_2hin _ahin |
||
| 082 | _aY73(Q2):4.2, 152Q0 | ||
| 100 | _aगोयल, सीताराम | ||
| 245 | 0 |
_aंिहंदू समाज _b संकटो के घेरे में |
|
| 246 | _aAnihandū samāja: sankaṭo ke ghere mean | ||
| 250 | _aसंस्करण 3 | ||
| 260 |
_aनई दिल्ली _bभारत भारती भारत _c2010 |
||
| 300 |
_a61पृ0 _ccm. |
||
| 650 | _aभारतीय-लोक साहित्य | ||
| 942 |
_hY73(Q2):4.2, 152Q0 _cTEXL _2cc |
||
| 999 |
_c1015852 _d1015852 |
||